000 00350nam a2200145Ia 4500
008 240830s1901 xx 000 0 und d
041 _aeng
082 _a0 KHE
100 _aKHEMRAJ SHRIKRISHNADAS
245 _aRASARAJ MAHODDHIPANCHO BHAG SAMPURNA
260 _bN.D.
_c1901
650 _aRASA-SHASTRA
906 _aN.D.
999 _c1193647
_d1193647